000
00305nam a22001457a 4500
008
210308b ||||| |||| 00| 0 eng d
020
_a
9780683061338
041
_a
eng
080
_2
3th
_a
611
082
_2
3th
_a
611
100
_a
7
101
_a
ANA
245
_a
Anatomy
_c
Moore,L.K
942
_2
udc
_c
BK
999
_c
55946
_d
55946